[Rezension von: Oskar Ziegenaus, Gioia de Luca, Das Asklepieion, 1. Teil, Der südliche Temenosbezirk in hellenistischer und frührömischer Zeit]

Gespeichert in:
Bibliographische Detailangaben
Veröffentlicht in:Bonner Jahrbücher des Rheinischen Landesmuseums in Bonn und des Rheinischen Amtes für Bodendenkmalpflege im Landschaftsverband Rheinland und des Vereins von Altertumsfreunden im Rheinlande 170(1970), Seite 517-519
VerfasserIn: Pinkwart, Doris (VerfasserIn)
Dokumenttyp: Online-Ressource Aufsatz
Sprache:German
Veröffentlicht: Kevelaer, Rhld. : Verlag Butzon & Berker , 1970
Schlagwörter:
Online Zugang:kostenfrei
kostenfrei
Bibliogr. Hinweis:Enthalten in: Bonner Jahrbücher des Rheinischen Landesmuseums in Bonn und des Rheinischen Amtes für Bodendenkmalpflege im Landschaftsverband Rheinland und des Vereins von Altertumsfreunden im Rheinlande
Rezension von: Das Asklepieion ; 1: Der südliche Temenosbezirk in hellenistischer und frührömischer Zeit
Verantwortlich:Doris Pinkwart
LEADER 02801caa a2200481 c 4500
001 1759215236
003 DE-627
005 20240425144222.0
007 cr cn 008aaaaa
008 210531s1970 xx |||||oo 00| ||ger c
024 7 |a 10.11588/bjb.1970.1.80545  |2 doi 
035 |a (DE-627)1759215236 
035 |a (DE-599)KXP1759215236 
035 |a (OCoLC)1264420943 
040 |a DE-627  |b ger  |c DE-627  |e rda 
041 |a ger 
084 |a ALT-KA  |q DE-16  |2 fid 
100 1 |a Pinkwart, Doris  |d 1936-2021  |e VerfasserIn  |0 (DE-588)1068584971  |0 (DE-627)820488704  |0 (DE-576)427894638  |4 aut 
245 1 0 |a [Rezension von: Oskar Ziegenaus, Gioia de Luca, Das Asklepieion, 1. Teil, Der südliche Temenosbezirk in hellenistischer und frührömischer Zeit]  |c Doris Pinkwart 
264 1 |a Kevelaer, Rhld.  |b Verlag Butzon & Berker  |c 1970 
336 |a Text  |b txt  |2 rdacontent 
337 |a Computermedien  |b c  |2 rdamedia 
338 |a Online-Ressource  |b cr  |2 rdacarrier 
500 |a Elektronische Reproduktion der Druckausgabe 
533 |a Online-Ausgabe  |b Heidelberg  |c Propylaeum  |d 2021  |7 |2021|||||||||| 
655 7 |a Rezension  |0 (DE-588)4049712-4  |0 (DE-627)106186019  |0 (DE-576)209083166  |2 gnd-content 
689 0 0 |d g  |0 (DE-588)4045154-9  |0 (DE-627)104123370  |0 (DE-576)209064145  |a Asklepieion Pergamon  |g Pergamon  |2 gnd 
689 0 1 |d s  |0 (DE-588)4184683-7  |0 (DE-627)104456701  |0 (DE-576)216818206  |a Temenos  |2 gnd 
689 0 2 |d s  |0 (DE-588)4076769-3  |0 (DE-627)104826169  |0 (DE-576)209202866  |a Römerzeit  |2 gnd 
689 0 |5 (DE-627) 
773 0 8 |i Enthalten in  |a Rheinisches Landesmuseum Bonn  |t Bonner Jahrbücher des Rheinischen Landesmuseums in Bonn und des Rheinischen Amtes für Bodendenkmalpflege im Landschaftsverband Rheinland und des Vereins von Altertumsfreunden im Rheinlande  |d Mainz : von Zabern, 2016  |g 170(1970), Seite 517-519  |h Online-Ressource  |w (DE-627)859177904  |w (DE-600)2855591-0  |w (DE-576)469558075  |x 2509-6265  |7 nnas 
773 1 8 |g volume:170  |g year:1970  |g pages:517-519 
787 0 8 |i Rezension von  |a Ziegenaus, Oskar  |t Das Asklepieion ; 1: Der südliche Temenosbezirk in hellenistischer und frührömischer Zeit  |d Berlin : de Gruyter, 1968  |h XII, 188 S., 88 teilw. gef. Taf.  |w (DE-627)1075561671  |w (DE-576)005561671 
856 4 0 |u https://doi.org/10.11588/bjb.1970.1.80545  |x Verlag  |x Resolving-System  |z kostenfrei  |3 Volltext  |7 0 
856 4 0 |u https://journals.ub.uni-heidelberg.de/index.php/bjb/article/view/80545  |x Verlag  |z kostenfrei  |3 Volltext  |7 0 
951 |a AR 
994 |u https://journals.ub.uni-heidelberg.de/index.php/bjb/article/view/80545/74587 
994 |u https://journals.ub.uni-heidelberg.de/index.php/bjb/article/view/80545/74587 
990 |a Asklepieion Pergamon 
990 |a Temenos 
990 |a Römerzeit 
991 |a Rezension (Monographie, Zeitschrift, Aufsatz) 
999 |a KXP-PPN1759215236  |e 4977376854